000 00577nam a2200181Ia 4500
008 090630s9999 xx 000 0 und d
082 _b15648
100 _aगांगल वसंत.
245 _aनकळत सारे घडले.
_cगांगल वसंत.
260 _bनुतन.
300 _a0
600 _aगांगल वसंत.
630 _aनकळत सारे घडले.
655 _aकादंबरी.
700 _aगांगल वसंत.
730 _aनकळत सारे घडले.
942 _cBOOK
999 _c267504
_d267504